00825nam a22002657a 45000010005000000030006000050050017000110080041000280200018000690400029000870500018001160820011001341000020001452450047001652600033002123000052002455050007002975200068003045210028003725210018004006500062004186500049004809420015005299990015005447084FISKH20250620125545.0250620b cb ||||| |||| 00| 0 eng d a9781606947944 aFISKHbengcFISKHdFISKH aQL377.S4 S762 a593.5  aStone, Lynn M.  aJellyfish : bMarine life /cLynn M. Stone aFlorida : bRoueke, c2006.  a24 pages : bcolor illustrations ; c18 x 20 cm aJ  aLearn about how jellyfish live, grow, and survive in the ocean.8 a460 bLexile estimate 8 aJ bRaz-Plus  aMarine LifevScience Nonfiction for Children xJellyfish aOcean BiologyvInvertebratesxSea Creatures  2ddccBKn0 c7084d7084